| 000 | 00750cam a2200277 4500 | ||
|---|---|---|---|
| 001 | J92828 | ||
| 008 | 090401t1998 xxu||||| |||| 00| 0 eng d | ||
| 035 | _a(Sirsi) u87361 | ||
| 041 | _aeng | ||
| 050 | _a333.337 | ||
| 110 |
_aGVA Grimley _93646 |
||
| 245 | _aSurvey of property trends. - Summer 1998 & Winter 1998/99 | ||
| 260 |
_aLondon _bGVA Grimley _c1998 |
||
| 300 | _a2 pt. ; 30cm. | ||
| 350 | _a0 | ||
| 650 | _aCOMPANIES | ||
| 650 | _aOCCUPIERS REQUIREMENTS | ||
| 650 | _aPROPERTY ASSETS | ||
| 650 | _aPROPERTY CONFIDENCE | ||
| 650 | _aPROPERTY HOLDINGS | ||
| 650 | _aPROPERTY REQUIREMENTS | ||
| 690 | _aPROPERTY-COMMERCIAL PROPERTY | ||
| 710 |
_aConfederation of British Industry _9414 |
||
| 942 | _n0 | ||
| 948 | _c13/07/1998 | ||
| 999 |
_c97228 _d97228 |
||